Úlohy lesného hospodárstva SSR v 8. päťročnici

Bibliographic Details
Main Author: Hyben, Ján (Author)
Format: Article
Language:Slovak
Subjects:

MARC

LEADER 00000nab a2200000 a 4500
001 vtls000286828
003 SK-MaSNL
005 20260302220408.0
008 111202c1986 xo 0 slo
015 |a SNBRA19rr/mm-uuuuu 
035 |a CL0296946 
040 |a SNKBUCL  |b slo  |c SNKBUCL  |e AACR2 
041 0 |a slo 
044 |a xo  |c SK 
080 |a 630  |2 1981 
100 1 |a Hyben, Ján  |4 aut  |9 520890 
245 1 0 |a Úlohy lesného hospodárstva SSR v 8. päťročnici  |c Ján Hyben 
650 0 7 |a lesné hospodárstvo  |2 snkbucl  |9 1256 
655 7 |a články zo zborníkov  |2 snkbucl  |9 166140 
773 0 |t Nové poznatky v ekonomike a riadení lesného hospodárstva  |d Bratislava : Príroda, 1986 
850 |a Slovenská národná knižnica v Martine  |a MTA001 
852 |a SNK  |b KIS3GCP 
958 |a RK 
992 |a RZB 
999 |c 1506830  |d 1508760